Govt. of
Madhya Pradesh

Normal view MARC view

Entry Topical Term

Number of records used in: 0

001 - CONTROL NUMBER

  • control field: 51271

003 - CONTROL NUMBER IDENTIFIER

  • control field: OSt

005 - DATE AND TIME OF LATEST TRANSACTION

  • control field: 20160409122614.0

008 - FIXED-LENGTH DATA ELEMENTS

  • fixed length control field: 160409|| aca||aabn | a|a d

040 ## - CATALOGING SOURCE

  • Original cataloging agency: OSt
  • Transcribing agency: OSt

150 ## - HEADING--TOPICAL TERM

  • Topical term or geographic name entry element: Engineering

670 ## - SOURCE DATA FOUND

  • Source citation: Work cat.: (OSt)11418: बलबीर सक्‍सेना 47389, अंतरिक्ष की खोज और भारत की उपलब्ध्यिॉ , 2002